Electricity duty rules,Bihar (Record no. 498475)

000 -LEADER
fixed length control field 00331cam a22001097a 4500
008 - FIXED-LENGTH DATA ELEMENTS--GENERAL INFORMATION
fixed length control field 180718b1952 xxu||||| |||| 00| 0 eng d
082 ## - DEWEY DECIMAL CLASSIFICATION NUMBER
Classification number V52303x5413 B489r
245 ## - TITLE STATEMENT
Title Electricity duty rules,Bihar
Statement of responsibility, etc. by Finance Department, Bihar
260 ## - PUBLICATION, DISTRIBUTION, ETC.
Place of publication, distribution, etc. Patna
Name of publisher, distributor, etc. Government Printing
Date of publication, distribution, etc. 1952
300 ## - PHYSICAL DESCRIPTION
Extent 15+p.
700 ## - ADDED ENTRY--PERSONAL NAME
Personal name Bihar. Finance Department
Holdings
Withdrawn status Lost status Damaged status Not for loan Permanent Location Current Location Date acquired Full call number Barcode Date last seen Price effective from Koha item type
        Indian Institute of Public Administration Indian Institute of Public Administration 2018-08-04 V52303x5413 B489r GG33467 2018-08-04 2018-08-04 GG

Powered by Koha